[Event "Zaragoza Primavera op 2nd"]
[Site "Zaragoza"]
[Date "2014.04.27"]
[Round "1"]
[White "Aviol Perez, Jose Mariano"]
[Black "Gil Lopez, Francisco Javier"]
[Result "1-0"]
[WhiteElo "1958"]
[BlackElo "1352"]
[PlyCount "35"]
[EventDate "2014.04.27"]
[EventType "swiss"]
[EventRounds "9"]
[EventCountry "ESP"]
[SourceTitle "CBM 160 Extra"]
[Source "ChessBase"]
[SourceDate "2014.07.01"]
[SourceVersion "1"]
[SourceVersionDate "2014.07.01"]
[SourceQuality "1"]

1. d4 d5 2. Nf3 Nf6 3. c4 dxc4 4. Nc3 e6 5. Bg5 h6 6. Bh4 Bb4 7. Qc2 a6 8. a4 0-0 9. e4 Be7 10. Bxc4 c5 11. dxc5 Bxc5 12. e5 g5 13. Bxg5 hxg5 14. Nxg5 Nbd7 15. 0-0-0 Qe7 16. Rxd7 Bxd7 17. exf6 Rac8 18. Qh7# 1-0